000 00556pam a2200217 a 4500
001 4752226
005 20180315081552.0
008 851126s1986 enka b 001 0 eng
010 _a 85028702
020 _a0631138986 :
_c$45.00
040 _aDLC
_cDLC
_dDLC
041 _aeng
080 _a418.007 STU
082 0 0 _a418.007 STU
_219
100 1 _a25
101 _aEDU
245 1 0 _aEducational linguistics /
_cMichael Stubbs.
504 _aBibliography: p. [263]-280.
906 _a7
_bcbc
_corignew
_d1
_eocip
_f19
_gy-gencatlg
942 _2ddc
_cBK
999 _c45140
_d45140